Deporte y alimentación: guía dietética para el deportista
Enregistré dans:
| Auteurs principaux: | , |
|---|---|
| Format: | Livre |
| Langue: | espagnol |
| Publié: |
Barcelona
Hispano Europea
1973
|
| Collection: | Colección herakles
|
| Sujets: | |
| Tags: |
Ajouter un tag
Pas de tags, Soyez le premier à ajouter un tag!
|
MARC
| LEADER | 00000nam a2200000 a 4500 | ||
|---|---|---|---|
| 001 | UCY9360 | ||
| 003 | CL-VaPUC | ||
| 008 | 950717e19730000SP |||||||||||||||||spa|d | ||
| 082 | 0 | 4 | |a 613.71 |b CRE |2 21 |
| 100 | 0 | |a Creff, Albert Francois |e author |9 341465 | |
| 700 | 0 | |a Berárd, Léone |e author |9 341466 | |
| 245 | 1 | 0 | |a Deporte y alimentación: guía dietética para el deportista |
| 300 | |a 364 p | ||
| 942 | |c BK | ||
| 945 | |d 19950717 00:00:00 |a mfernand | ||
| 260 | |a Barcelona |b Hispano Europea |c 1973 | ||
| 650 | 7 | |a DIETETICA |2 CL-VaPUC |9 259618 | |
| 650 | 0 | |a Nutrición |9 259434 | |
| 650 | 7 | |a DEPORTE |2 CL-VaPUC |9 341467 | |
| 650 | 7 | |a EJERCICIO |2 CL-VaPUC |9 310040 | |
| 650 | 7 | |a DEPORTISTAS |2 CL-VaPUC |9 341468 | |
| 650 | 7 | |a EDUCACION NUTRICIONAL |2 CL-VaPUC |9 338422 | |
| 650 | 0 | |a Alimentos |9 256203 | |
| 650 | 7 | |a CALORIAS |2 CL-VaPUC |9 341427 | |
| 583 | |a last modification |c 19950717 00:00:00 |k Rodrigo Vera | ||
| 490 | 0 | |a Colección herakles | |
| 999 | |c 236471 |d 236469 | ||
| 952 | |0 0 |1 0 |4 0 |6 613_710000000000000_CRE_1973 |7 0 |8 P |9 244570 |a BIBEDU |b BIBEDU |c BIBEDU_PB |d 2019-11-18 |i 1533584 |o 613.71 CRE 1973 |p 1533584 |r 2024-01-25 |w 2019-11-18 |y BK |k EDU | ||